02225nam a2200157 a 4500008004100000020001800041041000800059100003400067245010600101250001100207260003800218300002200256500013900278505163600417655001402053171103e2007 ag ||||g |||| 00| |bspa d a9789875141292 aspa1 aDosne Pasquialini, Christiane aQuise lo que hice.bAutobiografía de una investigadora científica /cChristiane Dosne Pasquialini a1a ed. aBuenos Aires:bLeviatán;c2007. a414 p.c23x15 cm. aDosne Pasquialini, C. (2007). Quise lo que hice. Autobiografía de una investigadora científica. (1a ed.). Buenos Aires : Leviatan. aQuise lo que hice, una autobiografía de una investigadora científica es un libro en el que confluyen las varias vidas de una única persona: la doctora Christiane Dosne Pasquialini, desde 1991 primer mujer con sitial en la Academia Nacional de Medicina. De origen francés, nacionalidad canadierse y argentina por adopción, Christiane Dosne se inició precozmente en la investigación en biomedicina junto a Hans Selye, en McGill University, Montreal, obteniendo un Ph.D. (Doctorado en Medicina Experimental) en 1942. En ese año llega a Buenos Aires con una Beca de la Federación Canadiense de Mujeres Universitarias para trabajar con Bernardo Houssay. También trabajó en Santiago de Chile con Alejandro Lipschütz y con C.N.H Long en Yale University, USA. A través de las páginas de esta autobiografía científica, varios retratos notables se perfilan, sobre todo el de su extraordinario compañero de toda la vida el doctor Rodolfo Q. Pasquialini. De gran actuación médica, fundó el Instituto Nacional de Endocrinología, fue profesor titular de la Universidad de Buenos Aires en Clínica Medica y autor de importantes libros de texto universitario. La Dra. Christine Dosne Pasquialini supo llevar adelante la vida doméstica y académica, en una época en que las mujeres despuntaban apenas en su profesión. Asimismo acompañó la profesionalización de la ciencia, que gracias a la creación del Consejo Nacional de Investigaciones Científicas y Técnicas (CONICET) por el Dr. Houssay en 1958, permitió que la mujer pudiera acceder a los más altos niveles de investigación.  aBiografia